Caracterización del daño mecánico por impacto en productos frescos para exportación : mango (Mangifera Indica L.) Tommy Atkins, Haden y Mora, en chayote tierno Quelite (Sechium edule) y plátano verde Curandé (Musa sp.)
Guardado en:
| Hovedforfatter: | |
|---|---|
| Format: | Bog |
| Udgivet: |
San José, C.R
2000
|
| Fag: | |
| Tags: |
Tilføj Tag
Ingen Tags, Vær først til at tagge denne postø!
|
MARC
| LEADER | 00000nam a2200000Ia 4500 | ||
|---|---|---|---|
| 003 | 010203 | ||
| 005 | 20221231144205.0 | ||
| 008 | 140114s2000 cr a m 000 ||sp d | ||
| 040 | |c cru CEDI | ||
| 090 | |a TFG 4224 | ||
| 100 | |a Chang Yuen, Kathya |9 7983 | ||
| 245 | |a Caracterización del daño mecánico por impacto en productos frescos para exportación : mango (Mangifera Indica L.) Tommy Atkins, Haden y Mora, en chayote tierno Quelite (Sechium edule) y plátano verde Curandé (Musa sp.) | ||
| 260 | |c 2000 |a San José, C.R | ||
| 300 | |a iv, 83, (54) hojas : ilustraciones (algunas a color) | ||
| 500 | |a Proyecto de graduación (licenciatura en ingeniería agricola)--Universidad de Costa Rica. Facultad de Ingeniería, Escuela de Ingeniería Agrícola | ||
| 650 | |x PRODUCTOS FRESCOS |x PRODUCTOS AGRICOLAS |x TRANSPORTE |x CHAYOTES |x PLATANOS (COCINA) |x MANGOS |9 7984 | ||
| 942 | |c TFG | ||
| 999 | |c 18207 |d 18207 | ||
